00762nam a2200193 a 450000100100000000500170001000800410002704000250006810000230009324000520011624501100016826000380027830000210031650000420033770000260037970000350040595201110044099900170055100002294320200930021903.0101123s1978 mx 000 0 spa d aDO-SdBNPbspacBNPHU1 aOwen, Roger94717310aStudies in the theory of imperialismlEspañol10aEstudios sobre la teoría del imperialismo /cRoger Owen, Bob Sutcliffe, traducción Ana María palos. aMéxico :bEdiciones Era,c1978. a342 p. ;c21 cm. aIncluye notas al pie de las páginas1 aSutcliffe, Bob9471741 aPalos, Ana Maria,etrad.95235 001054708MOaGRbGRcCTd2010-11-23iLF1l0o p22943-10r2020-06-25w2020-06-25y4ZPréstamo en sala c22440d22440